Statistics for Cuphead all Bosses

Click here to take the quiz!

General Stats

  • This quiz has been taken 408 times
    (248 since last reset)
  • The average score is 16 of 59

Answer Stats

HintAnswer% Correct
Inkwell HellKing Dice
75%
Inkwell Isle OneOllie Bulb
73%
Inkwell Isle OneSal Spudder
73%
Inkwell Isle OneCagney Carnation
71%
Inkwell Isle OneChauncey Chantenay
71%
Inkwell Isle OneGoopy Le Grande
68%
Inkwell Isle OneHilda Berg
68%
Inkwell HellThe Devil
66%
Inkwell Isle OneRibby and Croaks
61%
Inkwell Isle TwoGrim Matchstick
55%
Inkwell Isle ThreeSally Stageplay
52%
Inkwell Isle TwoBeppi the Clown
51%
Inkwell Isle TwoBaroness Von Bon Bon
50%
Inkwell Isle ThreeCala Maria
50%
Inkwell Isle TwoDjimmi the Great
50%
Inkwell Isle TwoWally Warbles
47%
Inkwell Isle ThreeDr. Kahl's Robot
44%
Inkwell Isle ThreeCaptain Brineybeard
42%
Inkwell Isle ThreeRumor Honeybottoms
42%
Inkwell Isle ThreeBlind Specter
40%
Inkwell Isle ThreeLollipop Ghouls
40%
Inkwell Isle ThreeWerner Werman
40%
Inkwell Isle ThreeConductor
39%
Inkwell Isle ThreeHead of the Train
39%
Devil's CasinoMangosteen
22%
Devil's CasinoPip and Dot
22%
Devil's CasinoGinette
20%
Devil's CasinoOl' Ethan
20%
Devil's CasinoRumulus
20%
Devil's CasinoMr. Chimes
19%
Devil's CasinoPirouletta
19%
Devil's CasinoTipsy Troop
19%
Devil's CasinoMr. Wheezy
18%
Devil's CasinoChips Bettigan
17%
Devil's CasinoHopus Pocus
16%
Devil's CasinoPhear Lap
16%
Inkwell Isle TwoWilly Warbles
11%
Inkwell Isle TwoCuppet
10%
Inkwell Isle OneHorace Radiche
9%
Inkwell Isle TwoMuffsky Chernikov
9%
Inkwell Isle TwoKernel Von Pop
8%
Inkwell Isle TwoLord Gob Packer
8%
Inkwell Isle TwoSir Waffington III
7%
Inkwell Isle ThreeKatzenwagen
6%
Inkwell Isle TwoSargent Gumbo Gumball
6%
Inkwell Isle ThreeSecurity Bee
6%
Inkwell Isle ThreeSally's Husband
5%
UnreleasedCard
4%
UnreleasedJelly the Octopus
4%
UnreleasedPachi-Pachi
4%
UnreleasedThe Light
4%
UnreleasedBeetrice Lutz
2%
UnreleasedDemon Bat
2%
UnreleasedGiant Spider
2%
UnreleasedToast
2%
UnreleasedClam
1%
UnreleasedCrab
1%
UnreleasedPea
1%
UnreleasedStork
1%

Score Distribution

Percentile by Number Answered

Percent of People with Each Score

Your Score History

You have not taken this quiz since the last reset